00440 a2200157 4500260001300000100002800013260003000041245009700071300001600168650002200184650002700206260000900233300001400242130000800256020001800264 aNew York aMONROE, Kristen Renwick bHarper Collins Publishers aThe Economic approach to policics : a critical reassessment of the theory of rational action aXXIII-452p. ascience politique athéorie économique c1991 bcouv.ill. lEn. a0-673-46426-1